| 000 -LEADER |
| fixed length control field |
00593nam a22001937a 4500 |
| 008 - FIXED-LENGTH DATA ELEMENTS--GENERAL INFORMATION |
| fixed length control field |
131021b xxu||||| |||| 00| 0 alb d |
| 020 ## - INTERNATIONAL STANDARD BOOK NUMBER |
| International Standard Book Number |
9789951100045 |
| 041 0# - LANGUAGE CODE |
| Language code of text/sound track or separate title |
alb |
| 080 ## - UNIVERSAL DECIMAL CLASSIFICATION NUMBER |
| Universal Decimal Classification number |
321.7/323.1 |
| Common auxiliary subdivision |
(496.5) |
| 100 1# - Rafti |
| Rafti |
Ramadani, Burim |
| 100 1# - Rafti |
| -- |
1981- |
| 245 10 - TITLE STATEMENT |
| Title |
Shteti i komuniteteve : |
| Statement of responsibility, etc |
Burim Ramadani. |
| 260 ## - |
| -- |
Prishtinë |
| -- |
Zëri ; |
| -- |
2009 |
| 300 ## - |
| -- |
155 f. : |
| -- |
21 cm. |
| 500 ## - |
| -- |
Parathënie/ Blerim Shala : f. 6-11 |
| 505 ## - |
| -- |
Literatura : f. 149-154 |
| 650 #0 - |
| -- |
Levizjet kombëtare |
| -- |
Kosova |
| 650 #0 - |
| -- |
Demokracia |
| -- |
Kosova |
| 942 ## - ADDED ENTRY ELEMENTS (KOHA) |
| Source of classification or shelving scheme |
|
| Item type |
Books |